Sports Quiz

Random Sports or Basketball Quiz

Current Houston Rockets Roster (2012-2013) Quiz Stats

 Plays Quiz not verified by Sporcle

Challenge
Share
Tweet
Embed
Score 0/15 Timer 04:00
0 Plays Today
Number Player % Correct
13James Harden
97.3%
7Jeremy Lin
94%
25Chandler Parsons
91.3%
3Omer Asik
90.7%
0Aaron Brooks
74.4%
32Francisco Garcia
72.9%
6Terrence Jones
69%
10Carlos Delfino
66%
Number Player % Correct
4Greg Smith
59.3%
12Patrick Beverly
59.3%
20Donatas Motiejunas
50.7%
41Thomas Robinson
47.5%
30Royce White
40.7%
5James Anderson
32.7%
14Tim Ohlbrecht
17.8%

You're not logged in!

Compare scores with friends on all Sporcle quizzes.
Join for Free
OR
Log In

You Might Also Like...

Show Comments

Extras

Top Quizzes Today


Score Distribution

Your Account Isn't Verified!

In order to create a playlist on Sporcle, you need to verify the email address you used during registration. Go to your Sporcle Settings to finish the process.

Report this User

Report this user for behavior that violates our Community Guidelines.

Details: